Seeds of Southern change / (Record no. 9576)
[ view plain ]
| 000 -LEADER | |
|---|---|
| fixed length control field | 00758nam a22002417a 4500 |
| 003 - CONTROL NUMBER IDENTIFIER | |
| control field | OSt |
| 005 - DATE AND TIME OF LATEST TRANSACTION | |
| control field | 20140310182123.0 |
| 008 - FIXED-LENGTH DATA ELEMENTS--GENERAL INFORMATION | |
| fixed length control field | 130828t xxu||||| |||| 00| 0 eng d |
| 020 ## - INTERNATIONAL STANDARD BOOK NUMBER | |
| International Standard Book Number | 0393008134 |
| 050 ## - LIBRARY OF CONGRESS CALL NUMBER | |
| Classification number | F 215.A55 |
| Item number | .D9 1976 |
| 082 ## - DEWEY DECIMAL CLASSIFICATION NUMBER | |
| Classification number | HS 975.04 |
| Item number | D648 1976 |
| 100 ## - MAIN ENTRY--PERSONAL NAME | |
| Personal name | Dykeman, Wilma |
| 9 (RLIN) | 14184 |
| 245 ## - TITLE STATEMENT | |
| Title | Seeds of Southern change / |
| Statement of responsibility, etc | Wilma Dykeman |
| 260 ## - PUBLICATION, DISTRIBUTION, ETC. (IMPRINT) | |
| Place of publication, distribution, etc | New York : |
| Name of publisher, distributor, etc | W.W. Norton and Company, |
| Date of publication, distribution, etc | 1976. |
| 300 3# - PHYSICAL DESCRIPTION | |
| Extent | 343 p. : |
| Other physical details | ill. , |
| Dimensions | 19 cm. |
| 650 ## - SUBJECT ADDED ENTRY--TOPICAL TERM | |
| Topical term or geographic name as entry element | Alexander,Will Winton |
| 9 (RLIN) | 14185 |
| 650 ## - SUBJECT ADDED ENTRY--TOPICAL TERM | |
| Topical term or geographic name as entry element | Commision on Interracial Cooperation |
| 9 (RLIN) | 14186 |
| 650 ## - SUBJECT ADDED ENTRY--TOPICAL TERM | |
| Topical term or geographic name as entry element | Southern States--Rase question |
| 9 (RLIN) | 14187 |
| 650 ## - SUBJECT ADDED ENTRY--TOPICAL TERM | |
| Topical term or geographic name as entry element | .Afro-Americans--Southern States |
| 9 (RLIN) | 14188 |
| 650 ## - SUBJECT ADDED ENTRY--TOPICAL TERM | |
| Topical term or geographic name as entry element | tokely,James |
| 9 (RLIN) | 14189 |
| 942 ## - ADDED ENTRY ELEMENTS (KOHA) | |
| Source of classification or shelving scheme | Library of Congress Classification |
| Koha item type | |
| Withdrawn status | Lost status | Source of classification or shelving scheme | Damaged status | Home library | Current library | Shelving location | Date acquired | Total Checkouts | Full call number | Barcode | Date last seen | Copy number | Price effective from | Koha item type |
|---|---|---|---|---|---|---|---|---|---|---|---|---|---|---|
| Library of Congress Classification | Luxembourg Library | Luxembourg Library | High School Section | 08/28/2013 | F 215.A55 .D9 1962 | 4440 | 05/27/2015 | 1 | 08/28/2013 | Books |